Szczegóły MARC21

100 velikih rossiân /

003 -Nazwa inst., której nr kontr. jest w polu 001 [,]
    • @
    • Nazwa instytucji, której n kontrolny jest w polu 001
    • NUKAT
005 -DATA I CZAS OSTATNIEJ MODYFIKACJI [,]
    • @
    • pole kontrolne
    • 20241231110328.0
020 -Międzynarod. znormalizowany nr książki - ISBN [ , ]
    • a
    • Numer ISBN
    • 5953305540 Find
040 -Instytucja sporządzająca opis [ , ]
    • a
    • Instytucja, która sporządziła opis (NP)
    • WA U/EBA
    • c
    • Instytucja, która sporządziła rekord (NP)
    • WA U/EBA
    • d
    • Instytucja, która zmodyfikowała rekord (P)
    • WA U/JL
    • d
    • Instytucja, która zmodyfikowała rekord (P)
    • Ł U/bb
942 -Rodzaj dokumentu [ , ]
    • c
    • Rodzaj dokumentu
    • Książka
100 -Hasło główne - nazwa osobowa [1, ]
    • a
    • Nazwa osobowa (NP)
    • Ryžov, Konstantin Vladislavovič
    • d
    • Daty biograficzne (NP)
    • (1964- ).
    • 9
    • KHW
    • 474259
240 -Tytuł ujednolicony [1,0]
    • a
    • Tytuł ujednolicony
    • 100 velikih rossiân
    • l
    • Język tekstu
    • (ros.)
    • 9
    • KHW
    • 474262
245 -Strefa tytułu i oznaczenia odpowiedzialności [1,0]
    • a
    • Tytuł
    • 100 velikih rossiân / Find
    • c
    • Pozostałe elementy strefy tytułu i oznaczenia odpowiedzialności (NP)
    • K. V. Ryžov.
246 -Wariant tytułu [3, ]
    • a
    • Tytuł (NP)
    • Sto velikih rossiân
260 -Strefa adresu wydawniczego [ , ]
    • a
    • Miejsce wydania (P)
    • Moskva :
    • b
    • Nazwa wydawcy (P)
    • "Veče",
    • c
    • Data wydania (P)
    • 2005.
300 -Strefa opisu fizycznego [ , ]
    • a
    • Określenie formy książki i/lub objętość (NP)
    • 472, [2] s., [16] s. tabl. :
    • b
    • Oznaczenie ilustracji (NP)
    • il. ;
    • c
    • Format (NP)
    • 22 cm.
336 -Typ zawartości [ , ]
    • a
    • Termin opisujący typ zawartości
    • Tekst
    • b
    • Kod określający zawartość
    • txt
    • 2
    • Źródło (terminu i kodu)
    • rdacontent
337 -Typ mediów [ , ]
    • a
    • Tryb odtwarzania
    • Bez urządzenia pośredniczącego
    • b
    • Kod typu mediów
    • n
    • 2
    • Źródło (terminu i kodu)
    • rdamedia
338 -Typ/rodzaj nośnika [ , ]
    • a
    • Hasło opisujące typ nośnika
    • Wolumin
    • b
    • Kod typu nośnika
    • nc
    • 2
    • Źródło (terminu i kodu)
    • rdacarrier
490 -Strefa serii i książki wielotomowej - forma nie do wyszukiwania [1, ]
    • a
    • Tytuł (P)
    • Zolotaâ Kollekciâ "100 Velikih" Find
830 -Hasło dodatkowe serii i opisu książki wielotomowej - tytuł ujednolicony/tytuł [ ,0]
    • a
    • Tytuł ujednolicony/tytuł (NP)
    • Zolotaâ Kollekciâ "100 Velikih"
    • 9
    • KHW
    • 474261
650 -Hasło przedmiotowe [ ,7]
    • a
    • Hasło przedmiotowe
    • Sławni ludzie
    • z
    • Określnik geograficzny
    • Rosja
    • v
    • Określnik formalny
    • biografie.
    • 2
    • Źródło terminu
    • kaba
    • 9
    • KHW
    • 474368
651 -Hasło przedmiotowe w formie nazwy geograficznej [ ,7]
    • a
    • Nazwa geograficzna
    • Rosja
    • v
    • Określnik formalny
    • biografie.
    • 2
    • Źródło terminu
    • kaba
    • 9
    • KHW
    • 474367
710 -Hasło dodatkowe - nazwa ciała zbiorowego [2, ]
    • a
    • Nazwa ciała zbiorowego lub nazwa geograficzna jako pierwszy element (NP)
    • Izdatelʹstvo Veče.
    • 4
    • Kod relacji
    • pbl
    • 9
    • KHW
    • 93147
920 -ISBN [ , ]
    • a
    • ISBN
    • 5-9533-0554-0 Find
Data inwentaryzacji Lokalizacja Status udost. Numer inwentarzowy Sygnatura
2019-01-29BM1P.27099ROS. Rosjoznawstwo 09